00621nam a2200181Ia 4500008004100000082000800041100003900049245002600088260004500114300000800159600003900167630002600206700003900232730002600271942000900297999001900306952011400325090711s9999 xx 000 0 und d b537 aशेट्ये वि. गो. aलोकशासन b"यशवंत प्रेस,"c1919 a116 aशेट्ये वि. गो. aलोकशासन aशेट्ये वि. गो. aलोकशासन cBOOK c301082d301082 00104070aDASAVAbDASAVAd2009-07-11g0.75l0o537pDASAVA-537r2009-07-11 00:00:00v0.75w2009-07-11yBOOK